000 00602nam a22001817a 4500
999 _c190468
_d190468
005 20220726144101.0
010 _aENG-133971
020 _a9789385022319
_c795.00
035 _aEN-117503
037 _bDBAD/PUB
082 _a338.47915472
100 _aAshutosh, Kumar
245 _aRajasthan Tourism:
_bPast and Present/
_cKumar Ashutosh
260 _aDelhi
_bA. K. Publications
_c2015
270 _bDelhi
_aB-61/E-1, Gali No.14, Jagatpuri Ext. Shahdra
_e110093
_k09868320502
_makpubs2008@yahoo.com
300 _a152p.
_c22cm(hb)
_bBibliography
942 _2ddc
_cEN
_h338.47915472
_mASH